Регионална библиотека "Любен Каравелов" - Русе

Модели на декодиране при разстройства от аутистичния спектър : монография (Запис номер 525730)

MARC детайли
000 -Лидер
Контролно поле с фиксирана дължина 01495nam a2200301 a 4500
003 - Код на организацията, давaща контролен номер
Контролно поле BLK
005 - Дата и час на последна редакция
Контролно поле 20250709102941.0
008 - Елементи от данни с фиксирана дължина
fixed length control field 180411b bul|||||r ||||||| ||bul||
020 ## - Международен стандартен номер на книга ISBN
Международен стандартен номер на книга ISBN 9789540760063
040 ## - Източник на каталожния запис
Идентификатор на билиотеката - собственик на записа BLK
041 ## - Код за език
Код за езика на текст/звукозапис или на отделно заглавие Български
Код за езика КДБФ Български
080 ## - УДК
Текстов определител УДК Възпитание на деца с увредени сетива и нервна система (слепи, глухонеми, епилептици). Логопедия
УДК код - определител по УДК 376.3
УДК - код + определител 376.3-056.34
080 ## - УДК
Текстов определител УДК Аутизъм
УДК код - определител по УДК 616.896
УДК - код + определител 616.896
100 ## - Редна дума - Автор
R(LIN) 393022
Автор Щерева, Катерина Атанасова
139 ## - Редно поле
Авторски знак Щере - Щ 38
245 10 - Сведения за заглавието
Заглавие Модели на декодиране при разстройства от аутистичния спектър : монография
Редно поле (дума) Катерина Щерева
257 ## - Страна на издаване
Страна на създаване/издаване България
260 ## - Област на издателските данни
Място на издаване, разпространение и проч. София
Име на издателя, разпространителя и проч. Унив. изд. Св. Климент Охридски
Година на издаване 2024
9 (RLIN) 209716
Издателство - префикс ISBN 978-954-07- ; 954-9399-
300 ## - Физическа характеристика
Страници 216 с. : с табл., диагр., сх.
Размери/Мащаб 24 см
380 ## - Жанр
Жанр Обществени науки
500 ## - Общи забележки
Забележка Биогр. данни за авт. отбелязани на гърба на кор.<br/>Рец.: Ваня Матанова, Виолета Боянова<br/>Библиогр.: с. 187-215<br/>Рез. на англ. ез.
650 #7 - Допълнително описание по предмет – тема
Основно описание – тема или топоним Аутизъм
9 (RLIN) 147874
650 #4 - Допълнително описание по предмет – тема
Основно описание – тема или топоним Логопедия
9 (RLIN) 160772
650 #0 - Допълнително описание по предмет – тема
Основно описание – тема или топоним Четене - разстройства
9 (RLIN) 297356
942 ## - АРТИКУЛИ
Вид на библиотечния материал Книги
Скрит в OPAC Не
Периодичен библиозапис Да
Koha issues (borrowed), all copies 1
944 ## - СЪЗДАВАНЕ И РЕДАКЦИЯ на ЗАПИСА
Дата на регистрацията/редакция Нора Радева
Служител, извършил регистрацията/редакцията 30531
Статус, дата на статуса Цветелина Шанова
999 ## - СИСТЕМНИ КОНТРОЛНИ НОМЕРА
Koha biblionumber 525730
Koha biblioitemnumber 525730
999 ## - СИСТЕМНИ КОНТРОЛНИ НОМЕРА
Koha biblioitemnumber 525730
Наличности
Код за отписване Код за изгубен артикул Източник на класификационната схема Код за повреда Код за отдаване Артикулен № Име на библиотеката - собственик Име на библиотеката, в която се намира в момента Статус (Текущо местоположение) Дата на вписване в системата Местоположение - отдел Цена в лева Инвентарен номер Систематично азбучна сигнатура Баркод Цена в евро Служебен тип на артикула Коз за рестрикции
  Не е изгубен Universal Decimal Classification Не е повреден заемане за дома 959652 Регионална библиотека "Любен Каравелов" Русе Регионална библиотека "Любен Каравелов" Русе Заемна - подръчен фонд 2025-01-29 Заемна - подръчен фонд 17.60 120000917296 376/Щ 38 К 120000917296 9.00 Книги  
  Не е изгубен Universal Decimal Classification Не е повреден ползва се в читалня 960229 Регионална библиотека "Любен Каравелов" Русе Регионална библиотека "Любен Каравелов" Русе Хранилище 2025-02-05 Хранилище 22.00 120000917496 Цб 326097 120000917496 11.25 Книги само за читалня
Vip Innovations Ltd, Rousse, Bulgaria 2025